000 00522nam a2200217Ia 4500
003 OSt
005 20220924134255.0
006 a|||||r|||| 00| 0
007 ta
008 220923b |||||||| |||| 00| 0 snd d
024 _a273150
037 _cTextual
040 _aARTS
_cARTS
_bsnd
041 _2snd
_asnd
082 _aO1593,3NMEx, K2
100 _aMirchandani
245 0 _aJeewan dhara
260 _c1962
942 _hO1593,3NMEx, K2
_cTEXL
_2CC
999 _c436861
_d436861